[Event "Nairobi County-ch"]
[Site "Karen"]
[Date "2025.05.31"]
[Round "3"]
[White "Chitudu, Limbikani"]
[Black "Madol, Garang Panthoum"]
[Result "0-1"]
[WhiteElo "1915"]
[BlackElo "2126"]
[PlyCount "76"]
[EventDate "2025.05.31"]
[EventType "swiss"]
[EventRounds "8"]
[EventCountry "KEN"]
[SourceTitle "CB24_2025"]
[SourceDate "2025.06.11"]
[SourceVersion "1"]
[SourceVersionDate "2025.06.11"]
[SourceQuality "1"]

1. f4 d5 2. Nf3 c5 3. e3 Nf6 4. b3 e6 5. Bb2 Be7 6. Be2 Nc6 7. Bb5 0-0 8. Bxc6 bxc6 9. Ne5 Qb6 10. 0-0 c4 11. Nc3 cxb3 12. cxb3 Nd7 13. Na4 Qb5 14. Rc1 Nxe5 15. fxe5 Ba6 16. Rf3 Rac8 17. Rh3 Qe2 18. Qc2 Bd3 19. Nc3 Bxc2 20. Nxe2 Bf5 21. Rf3 Bb4 22. Bc3 Ba3 23. Re1 c5 24. Rf4 c4 25. Nd4 Bd3 26. Nb5 Bc5 27. b4 Bb6 28. a3 a6 29. Nd6 Rb8 30. Bd4 Bxd4 31. Rxd4 f6 32. Rf4 fxe5 33. Rf3 e4 34. Rf4 Rxf4 35. exf4 Kf8 36. Re3 Ke7 37. Rg3 Kxd6 38. Rxg7 e3 0-1

[Event "Nairobi County-ch"]
[Site "Karen"]
[Date "2025.05.31"]
[Round "2"]
[White "Chitudu, Limbikani"]
[Black "Munene, Dean Martin"]
[Result "1-0"]
[WhiteElo "1915"]
[BlackElo "1715"]
[PlyCount "69"]
[EventDate "2025.05.31"]
[EventType "swiss"]
[EventRounds "8"]
[EventCountry "KEN"]
[SourceTitle "CB24_2025"]
[SourceDate "2025.06.11"]
[SourceVersion "1"]
[SourceVersionDate "2025.06.11"]
[SourceQuality "1"]

1. f4 Nf6 2. Nf3 c5 3. e3 b6 4. Nc3 Bb7 5. b3 g6 6. Bb2 Bg7 7. Bc4 0-0 8. 0-0 d5 9. Bb5 Ne4 10. d4 Nxc3 11. Bxc3 e6 12. Rc1 a6 13. Bd3 Nd7 14. Ne5 Rc8 15. Bb2 cxd4 16. exd4 Nxe5 17. fxe5 Bh6 18. Rb1 Be3+ 19. Kh1 Bh6 20. Ba3 Re8 21. Qe2 b5 22. Rf3 Bf8 23. Bb2 Re7 24. Rbf1 Rec7 25. Qf2 Qe7 26. Bc1 Bg7 27. h4 Bc6 28. Bg5 Qe8 29. h5 b4 30. Qh4 h6 31. hxg6 hxg5 32. gxf7+ Rxf7 33. Qh7+ Kf8 34. Rxf7+ Qxf7 35. Rxf7+ 1-0

[Event "Nairobi Mashariki op"]
[Site "Nairobi"]
[Date "2024.09.22"]
[Round "5"]
[White "Chitudu, Limbikani"]
[Black "Klimakovs, Sergejs"]
[Result "0-1"]
[WhiteElo "1813"]
[BlackElo "2339"]
[PlyCount "95"]
[EventDate "2024.09.21"]
[EventType "swiss"]
[EventRounds "5"]
[EventCountry "KEN"]
[SourceTitle "EXT 2025"]
[Source "ChessBase"]
[SourceDate "2024.10.14"]
[SourceVersion "1"]
[SourceVersionDate "2024.10.14"]
[SourceQuality "1"]

1. f4 d6 2. Nf3 Bg4 3. e4 Nf6 4. Nc3 d5 5. e5 d4 6. exf6 dxc3 7. fxg7 Bxg7 8. bxc3 Qd5 9. Be2 Qe4 10. 0-0 Qxf4 11. d4 Qe4 12. Bd3 Qc6 13. Qe1 Be6 14. Rb1 Nd7 15. Ng5 Bxa2 16. Ba3 0-0-0 17. Be4 Bd5 18. Bxd5 Qxd5 19. Nxf7 Rhg8 20. Qe2 Rdf8 21. Qf3 Qxf3 22. Rxf3 Bf6 23. Nh6 Bxd4+ 24. Kh1 Rxf3 25. gxf3 Rg6 26. cxd4 Rxh6 27. Bxe7 Re6 28. Bb4 b6 29. Re1 Rc6 30. Rc1 a5 31. Bd2 Rc4 32. c3 Nf6 33. Kg2 Kd7 34. f4 Ne4 35. Be1 Ke6 36. Kf3 Kd5 37. Ke3 b5 38. Kd3 Ra4 39. f5 Ra2 40. Rb1 c6 41. Bg3 Rd2+ 42. Ke3 Rc2 43. c4+ Rxc4 44. Rf1 Rc3+ 45. Kf4 Rd3 46. Bf2 a4 47. Bg1 a3 48. Ra1 0-1

[Event "Nairobi op"]
[Site "Nairobi"]
[Date "2023.04.06"]
[Round "1"]
[White "Shoubhith, Omprakash Kayyar"]
[Black "Chitudu, Limbikani"]
[Result "0-1"]
[WhiteElo "1351"]
[BlackElo "1726"]
[PlyCount "117"]
[EventDate "2023.04.06"]
[EventType "swiss"]
[EventRounds "9"]
[EventCountry "KEN"]
[SourceTitle "EXT 2024"]
[Source "ChessBase"]
[SourceDate "2023.10.10"]
[SourceVersion "1"]
[SourceVersionDate "2023.10.10"]
[SourceQuality "1"]

1. e4 e6 2. d4 d5 3. exd5 exd5 4. Bd3 Nc6 5. c3 Nf6 6. Nf3 Bg4 7. h3 Bh5 8. Bf4 Bd6 9. Bxd6 Qxd6 10. Nbd2 0-0 11. 0-0 Rae8 12. Qc2 Nd8 13. Rfe1 Ne6 14. Re3 Bg6 15. Rae1 Nh5 16. g3 Nxg3 17. Bxg6 fxg6 18. Rxe6 Rxe6 19. Rxe6 Qxe6 20. fxg3 Qe3+ 21. Kf1 Rxf3+ 22. Nxf3 Qxf3+ 23. Qf2 Qh1+ 24. Ke2 Qxh3 25. Qe3 Qg4+ 26. Kd2 Kf7 27. Qe5 Qd7 28. Qf4+ Kg8 29. Qe5 h6 30. b3 a6 31. c4 c6 32. c5 Kh7 33. Qd6 Qg4 34. Kc3 Qf3+ 35. Kb4 Qd3 36. Qe5 Qd2+ 37. Ka3 Qc1+ 38. Ka4 Qb2 39. a3 Qc3 40. b4 Qc2+ 41. Ka5 Qe4 42. Qc7 Qxd4 43. Qxb7 Qf6 44. Qc7 Qe6 45. Qd6 Qc8 46. Kb6 h5 47. Qxc6 Qxc6+ 48. Kxc6 d4 49. Kb6 d3 50. c6 d2 51. c7 d1Q 52. c8Q Qg1+ 53. Kxa6 Qxg3 54. b5 Qxa3+ 55. Kb7 h4 56. b6 h3 57. Qg4 Qe3 58. Kc7 Qc5+ 59. Kb7 0-1